Porovnanie štruktúrnych súvislostí poľnohospodárstva a potravinárstva medzi ČSFR a SRN so zreteľom na Slovensko.
Tvorba produkcie a konečné použitie zdrojov. Príčiny rozdielnosti vstupov do poľnohospodárstva v sledovaných krajinách: vysoká náročnosť na dodávky materiálu a služieb, ich neefektívne zhodnocovanie vo výrobnom procese, zastaralé technológie. Štruktúra dovozu pre medzispotrebu.
Salvato in:
| Autore principale: | |
|---|---|
| Natura: | Capitolo di libro |
| Lingua: | slovacco |
| Soggetti: | |
| Tags: |
Nessun Tag, puoi essere il primo ad aggiungerne!!
|
MARC
| LEADER | 00000naa a2200000 4500 | ||
|---|---|---|---|
| 001 | r007798 | ||
| 005 | 20221125075742.4 | ||
| 041 | 0 | |a slo | |
| 044 | |a [CS] | ||
| 245 | 1 | 0 | |a Porovnanie štruktúrnych súvislostí poľnohospodárstva a potravinárstva medzi ČSFR a SRN so zreteľom na Slovensko. |c Iveta Pauhofová |
| 520 | |a Tvorba produkcie a konečné použitie zdrojov. Príčiny rozdielnosti vstupov do poľnohospodárstva v sledovaných krajinách: vysoká náročnosť na dodávky materiálu a služieb, ich neefektívne zhodnocovanie vo výrobnom procese, zastaralé technológie. Štruktúra dovozu pre medzispotrebu. | ||
| 610 | 2 | 0 | |a poľnohospodárstvo |
| 610 | 2 | 0 | |a potravinárstvo |
| 610 | 2 | 0 | |a štruktúra ekonomická |
| 610 | 2 | 0 | |a ČSFR |
| 610 | 2 | 0 | |a Slovensko |
| 610 | 2 | 0 | |a porovnanie štatistické medzinárodné |
| 610 | 2 | 0 | |a vzťahy medziodvetvové |
| 610 | 2 | 0 | |a ukazovatele ekonomické |
| 610 | 2 | 0 | |a Nemecko |
| 100 | 1 | |a Pauhofová, Iveta | |